00669nam a22002177a 450000500170000001000130001702000110003003500130004103700160005404000120007008200130008210000170009524500830011226000460019527000470024130000250028850000500031365000270036365000440039070000170043420170124110016.0 aA-716272 c125.00 aA-716272 bCen Lib/Ret aDPLbEN a350bSHA aSharma, M.P. aPublic administration in theory and practice /cby M.P.Sharma [and] B.L.Sadana aNew DelhibKitab Mahal Distributorsc1995 bNew Delhia28, Netaji Subhash Marge110022 axii,736p. c20cm(Hb) aIncludes bibliographical references and index aPublic administration. aPersonnel and Financial Administration. aSadana, B.L.